000 01198cam a2200229 i 4500
999 _c58242
_d58242
001 19206130
005 20221108163035.0
008 160804s2017 nyua b 001 0 eng
020 _a9781138670686x
041 _aeng
080 _a371.33 B-94
100 1 _aBudhai, Stephanie Smith
_912581
245 1 0 _aBest practices in engaging online learners through active and experiential learning strategies /
_cStephanie Smith Budhai and Ke'Anna Brown Skipwith.
264 1 _aNew York ;
_bRoutledge, Taylor & Francis Group,
_c2017.
300 _a 99 pages :
_billustrations ;
_c24 cm.
653 _aვებ დაფუძნებული ინსტრუქცია
653 _aაქტიური სწავლა
653 _aინტერნეტი განათლებაში
653 _aსაუკეთესო პრაქტიკა ონლაინ მოსწავლეთა ჩართვის აქტიური და ექსპერიმენტული სწავლების სტრატეგიების საშუალებით
700 1 _aSkipwith, Ke'Anna Brown
_eავტორი
_912582
942 _2udc
_cBK